|
|
|
|
| LEADER |
00000nam a22000007a 4500 |
| 005 |
20110915102335.0 |
| 008 |
110915t2009 ck ||||s|||| 00| 0 spa d |
| 020 |
|
|
|a 978-958-648-619-4
|
| 035 |
|
|
|a 4826
|
| 040 |
|
|
|a vLex
|
| 090 |
|
|
|c 2459
|d 2459
|
| 100 |
1 |
|
|a Epstein, Marc J.
|
| 245 |
1 |
0 |
|a Sostenibilidad empresarial
|h [Recurso electrn̤ico] /
|c Marc J. Epstein
|
| 256 |
|
|
|a Servicio en ln̕ea.
|
| 260 |
|
|
|a Bogot ̀:
|b ECOE,
|c 2009.
|
| 300 |
|
|
|a 1 recurso electrn̤ico
|
| 506 |
1 |
|
|a Contenido solo disponible en los productos indicados
|d vLex Global
|d vLex Global (Academic Edition, excluding Law Schools)
|d vLex Global (U.S. Academic Edition, Law Schools)
|d vLex Global (U.S. Academic Edition, excluding Law Schools)
|d vLex Global (Academic Edition, Law Schools)
|
| 650 |
0 |
4 |
|a Empresas
|x Planificacin̤
|z Colombia
|
| 740 |
0 |
|
|a vLex Libros (Servicio en ln̕ea)
|
| 856 |
4 |
0 |
|u http://vlex.com/source/sostenibilidad-empresarial-4826
|z Acceso restringido
|
| 942 |
|
|
|c BOOK
|